| 000 | 01310nam a2200313 i 4500 | ||
|---|---|---|---|
| 003 | EG-GICUC | ||
| 005 | 20260121101542.0 | ||
| 008 | 251228m20082009ua ||||fr|||| 00| 0 ara d | ||
| 017 | _a200822623 | ||
| 020 | _a9789770458355 | ||
| 040 |
_a EG-GICUC _bara _c EG-GICUC _d EG-GICUC _erda |
||
| 041 | 0 | _aara | |
| 082 | 0 | 4 |
_221 _a345.42 _bص ل . ص |
| 092 | 0 | 4 | _221 |
| 099 | _aLaw1 07 345.42 ص ل . ص 2009 | ||
| 100 | 0 |
_aصلاح احمد السيد جوده _eمؤلف. |
|
| 245 | 1 | 2 |
_aالصلاحية الادبية والعلمية والجسمانية للتعيين فى الوظائف العامة : _bدراسة مقارنة. _nالكتاب الاول / _cصلاح احمد السيد جوده. |
| 264 | 1 |
_aالقاهرة : _bدار النهضة العربية، _c2009. |
|
| 300 |
_a170 صفحة ؛ _c24 سم |
||
| 336 |
_2rda content _atext |
||
| 337 |
_2rda media _aComputer |
||
| 338 |
_2rda carrier _aOnline Resource |
||
| 504 | _aيحتوي على ارجاعات ببليوجرافية يحتوي على قائمة بالمراجع | ||
| 546 | _aالنص باللغة العربية | ||
| 650 | 1 | 4 |
_aطرق اختيار الموظف العام _xالقانون الإداري |
| 856 | 4 | 0 | _uhttps://fll.law.cu.edu.eg/fulltext/bks/B07-01409.pdf |
| 905 | _a75 | ||
| 942 |
_2ddc _cBK _e21 _n0 |
||
| 999 |
_c52773 _d52773 |
||